African Football Clubs #1 - Statistics

General Stats
  • This quiz has been taken 37 times
  • The average score is 11 of 20
Answer Stats
Picture Answer % Correct
Al-Ahly
93%
Esperance Tunis
90%
Wydad Casablanca
90%
Kaiser Chiefs
86%
Orlando Pirates
83%
Zamalek
83%
Mamelodi Sundowns
79%
Raja Casablanca
59%
Simba
52%
TP Mazembe
52%
JS Kabylie
48%
MC Alger
45%
RS Berkane
45%
Club Africain
34%
Hearts of Oak
34%
USM Alger
34%
AS Vita Club
28%
Enyimba
28%
Asante Kotoko
24%
CS Sfaxien
24%
No matching quizzes found
Score Distribution
Percent of People with Each Score
Percentile by Number Answered
Your Score History
You have not taken this quiz